000 00673nam a2200229Ii 4500
003 JO-AjNU
008 230605s9999||||xx |||||||||||||| ||und||
017 _a2009/8/3381
020 _a978-9957-11-827-3
040 _aJO-AjNU
_bara
_erda
_cJO-AjNU
041 _aara
050 1 4 _aJS78.M36.2010
100 3 _aالمعاني ، أيمن عودة ,
_eauthor
_929362
245 0 0 _aالإدارة المحلية
250 _aط1
264 3 1 _aعمان : دار وائل ، 2010
300 _a285ص
336 _atext
_btxt
_2rdacontent
337 _aunmediated
_bn
_2rdamedia
338 _avolume
_bnc
_2rdacarrier
650 4 _aالادارة المحلية
_929363
999 _aA11505
_c15073
_d15073